书目信息 |
| 题名: |
化工制图与测绘
|
|
| 作者: | 曹咏梅 , 熊放明 主编 | |
| 分册: | ||
| 出版信息: | 北京 化学工业出版社 2015.11 |
|
| 页数: | 336页 | |
| 开本: | 26cm | |
| 丛书名: | ||
| 单 册: | ||
| 中图分类: | TQ050.2 | |
| 科图分类: | ||
| 主题词: | 化工机械--机械制图--高等职业教育--教材 | |
| 电子资源: | ||
| ISBN: | 978-7-122-25434-4 | |
| 000 | 01160nam0 2200277 450 | |
| 001 | 0120161751125 | |
| 005 | 20170418155018.21 | |
| 010 | @a978-7-122-25434-4@dCNY42.00 | |
| 100 | @a20160202d2015 em y0chiy50 ea | |
| 101 | 0 | @achi |
| 102 | @aCN@b110000 | |
| 105 | @aak z 000yy | |
| 106 | @ar | |
| 200 | 1 | @a化工制图与测绘@9hua gong zhi tu yu ce hui@f曹咏梅,熊放明主编 |
| 205 | @a2版 | |
| 210 | @a北京@c化学工业出版社@d2015.11 | |
| 215 | @a336页@d26cm | |
| 300 | @a“十二五”职业教育国家规划教材 | |
| 330 | @a本书由“齿轮油泵测绘”和“氧化锌生产实训车间测绘”两个项目组成。“齿轮油泵测绘”项目包括齿轮油泵拆装、基础绘图环境设置、计算机绘图基础、立体的投影、轴测图绘制、零件表达方法、标准件与常用件、零件图与装配图的识读与绘制。“氧化锌生产实训车间测绘”项目包括熟悉氧化锌生产实训车间、化工设备图的绘制与识读、化工工艺图的绘制与识读、现场测绘氧化锌生产实训车间的化工工艺图等内容。 | |
| 333 | @a职业教育 | |
| 606 | 0 | @a化工机械@x机械制图@x高等职业教育@j教材 |
| 690 | @aTQ050.2@v5 | |
| 701 | 0 | @a曹咏梅@9cao yong mei@4主编 |
| 701 | 0 | @a熊放明@9xiong fang ming@4主编 |
| 801 | 0 | @aCN@b人天书店@c20160202 |
| 905 | @b987320-23@dTQ050.2@e355=2@f4 | |
| 化工制图与测绘/曹咏梅,熊放明主编.-2版.-北京:化学工业出版社,2015.11 |
| 336页;26cm |
| “十二五”职业教育国家规划教材.-使用对象:职业教育 |
| ISBN 978-7-122-25434-4:CNY42.00 |
| 本书由“齿轮油泵测绘”和“氧化锌生产实训车间测绘”两个项目组成。“齿轮油泵测绘”项目包括齿轮油泵拆装、基础绘图环境设置、计算机绘图基础、立体的投影、轴测图绘制、零件表达方法、标准件与常用件、零件图与装配图的识读与绘制。“氧化锌生产实训车间测绘”项目包括熟悉氧化锌生产实训车间、化工设备图的绘制与识读、化工工艺图的绘制与识读、现场测绘氧化锌生产实训车间的化工工艺图等内容。 |
| ● |
| 相关链接 |
|
|
|
|
正题名:化工制图与测绘
索取号:TQ050.2/355=2
 
预约/预借
| 序号 | 登录号 | 条形码 | 馆藏地/架位号 | 状态 | 备注 |
| 1 | 987320 | 209873207 | 第二样本阅览室/ [索取号:TQ050.2/355=2] | 在馆 | |
| 2 | 987321 | 209873216 | 第三借阅区/ [索取号:TQ050.2/355=2] | 在馆 | |
| 3 | 987322 | 209873225 | 第三借阅区/ [索取号:TQ050.2/355=2] | 在馆 | |
| 4 | 987323 | 209873234 | 密集书库-化学系/ [索取号:TQ050.2/355=2] | 在馆 |